banner koha

Ocorrencia de fixacao de 15N2 nas gramineas tropicais Digitaria decumbens e Paspalum notatum [Nitrogenio; Bionitrificacao; Capim pangola] (Registro n. 21737)

MARC details
000 -LÍDER
campo de controle de tamanho fixo 01095nam a22002897a 4500
001 - NÚMERO DE CONTROLE
campo de controle BR7600718
003 - IDENTIFICADOR DO NÚMERO DE CONTROLE
campo de controle BR-BrBNA
005 - DATA E HORÁRIO DA ÚLTIMA TRANSAÇÃO
campo de controle 20230928084909.0
007 - CAMPO FIXO DE DESCRIÇÃO FÍSICA--INFORMAÇÃO GERAL
campo de controle de tamanho fixo ta
008 - CAMPO DE DADOS FIXOS--INFORMAÇÃO GERAL
campo de controle de tamanho fixo 230509b bl.||||| |||| 00| 0 por d
040 ## - FONTE DA CATALOGAÇÃO
Instituição da catalogação original BR-BrBNA
Idioma da catalogação por
Instituição que transcreveu o registro Biblioteca Nacional de Agricultura
041 ## - CÓDIGO DE IDIOMA
Código do idioma do texto/trilha sonora ou título diferente (Por)
072 ## - CÓDIGO DE CATEGORIA DE ASSUNTO
Código de Categoria de Assunto F21
Código do objeto 1930
090 ## - NÚMERO DE CHAMADA LOCAL
-- 1930 BR7600718
100 1# - ENTRADA PRINCIPAL--NOME PESSOAL
Nome pessoal De-Polli, H.
110 1# - ENTRADA PRINCIPAL--NOME CORPORATIVO
Nome corporativo ou nome da jurisdição Escola Superior de Agricultura Luiz de Queiroz, Piracicaba, SP (Brasil)
Grau Universitário Dissertacao (Mestre)
245 1# - TÍTULO
Título Ocorrencia de fixacao de 15N2 nas gramineas tropicais Digitaria decumbens e Paspalum notatum [Nitrogenio; Bionitrificacao; Capim pangola]
260 3# - PUBLICAÇÃO, DISTRIBUIÇÃO, ETC.
Local de publicação, distribuição, etc. Piracicaba, SP (Brasil):
Data da publicação, distribuição, etc. 1975.
300 ## - DESCRIÇÃO FÍSICA
Extensão 95 p.
500 ## - NOTA GERAL
Nota geral 5 illus.; 18 tables; Bibliography p. 83-95 (96 ref).; Summaries (Eng, Por). (*) Documento disponível na(o) Escola Superior de Agricultura Luiz de Queiroz, Piracicaba, SP (Brazil)
650 ## - ASSUNTO--TERMO TÓPICO
Cabeçalho tópico ou nome geográfico GRAMINEA TROPICAL
650 ## - ASSUNTO--TERMO TÓPICO
Cabeçalho tópico ou nome geográfico FIXACAO DE NITROGENIO
650 ## - ASSUNTO--TERMO TÓPICO
Cabeçalho tópico ou nome geográfico BIONITRIFICACAO
650 ## - ASSUNTO--TERMO TÓPICO
Cabeçalho tópico ou nome geográfico CAPIM PANGOLA
909 ## -
-- 202309
-- Lucia
-- 55
-- Lucia Elande
942 ## - ELEMENTOS DE ENTRADA ADICIONADOS (KOHA)
Tipo de material Koha Livros
Exemplares
Situação do descarte Fonte da classificação ou esquema de arquivamento na estante Situação física Não pode ser emprestado Biblioteca de origem Biblioteca atual Total de empréstimos Data de último acesso Número do exemplar Tipo de material Koha Nota pública Situação das perdas Data de aquisição Fonte de aquisição Qualificador de local codificado Custo, preço normal de compra Número do inventário Custo, preço de reposição Preço efetivo de
  Classificação AGRIS   INDISPONÍVEL Biblioteca Nacional de Agricultura - Binagri Biblioteca Nacional de Agricultura - Binagri   25/09/2023 01 Livros (*) Documento disponível na(o) Escola Superior de Agricultura Luiz de Queiroz, Piracicaba, SP (Brazil) Em falta 2023-09-25 Portaria Interministerial nº 164/94          

BINAGRI

Telefone: (61)3218-2567/2388/3357/2097 - binagri@agro.gov.br

Ministério da Agricultura e Pecuária , Esplanada dos Ministérios, Bloco D, Anexo B, Brasília/DF, CEP: 70.043-900